| 000 | 00359nam a2200145Ia 4500 | ||
|---|---|---|---|
| 008 | 220216s9999 xx 000 0 und d | ||
| 100 | _aGeorge C M | ||
| 245 | 2 | _aA Master plan to bloster Indian rubber industry | |
| 260 |
_bRubber Asia _c2003 |
||
| 300 | _a49-53 | ||
| 650 | _aConsumption | ||
| 650 | _aNR yield | ||
| 650 | _aRubber industry | ||
| 942 | _cJS | ||
| 999 |
_c53380 _d53380 |
||